NCAA CWS Appearances - Statistics

General Stats
  • This quiz has been taken 10 times
  • The average score is 82 of 119
Answer Stats
APP. LATEST COLLEGE % Correct
6 2011 California
100%
18 2017 Cal State Fullerton
100%
12 2010 Clemson
100%
14 2024 Florida
100%
1 1972 Iowa
100%
20 2025 LSU
100%
25 2016 Miami (FL)
100%
6 1964 Missouri
100%
12 2021 Miss State
100%
6 2022 Ole Miss
100%
38 2022 Texas
100%
19 2025 Arizona
86%
22 2010 Arizona State
86%
6 2022 Auburn
86%
4 1967 Boston College
86%
2 1976 Eastern Michigan
86%
24 2024 Florida State
86%
4 2008 Fresno State
86%
6 2008 Georgia
86%
3 2006 Georgia Tech
86%
4 1974 Harvard
86%
2 1967 Houston
86%
1 2013 Indiana
86%
2 1970 Iowa State
86%
1 1993 Kansas
86%
1 2024 Kentucky
86%
1 2000 Louisiana
86%
6 2025 Louisville
86%
8 2019 Michigan
86%
1 1954 Michigan State
86%
4 2024 NC State
86%
12 2024 North Carolina
86%
10 1974* Northern Colorado
86%
1 1970 Ohio
86%
4 1967 Ohio State
86%
11 2022 Oklahoma
86%
20 2016* Oklahoma State
86%
1 1954 Oregon
86%
5 1973 Penn State
86%
1 1951 Princeton
86%
11 2012 South Carolina
86%
6 2023 TCU
86%
7 2024 Tennessee
86%
8 2024 Texas A&M
86%
4 2019 Texas Tech
86%
2 2005 Tulane
86%
2 1971 Tulsa
86%
6 2025 UCLA
86%
21 2001 USC
86%
5 2021 Vanderbilt
86%
7 2024 Virginia
86%
1 2018 Washington
86%
4 1976 Washington State
86%
6 1963 Western Michigan
86%
2 1948 Yale
86%
5 1999 Alabama
71%
12 2025 Arkansas
71%
2 2025 Coastal Carolina
71%
1 1950* Colorado State
71%
3 1961 Duke
71%
4 1998 Long Beach State
71%
5 1977 Minnesota
71%
3 2005 Nebraska
71%
3 2022 Notre Dame
71%
2 2023 Oral Roberts
71%
8 2025 Oregon State
71%
7 2008 Rice
71%
1 1950 Rutgers
71%
19 2023 Stanford
71%
1 1965 St. Louis
71%
1 1961 Syracuse
71%
1 1951 Utah
71%
3 2023 Wake Forest
71%
7 1996 Wichita State
71%
3 2005 Baylor
57%
2 1971 BYU
57%
1 1955 Colgate
57%
1 1991 Creighton
57%
1 1970 Dartmouth
57%
2 1990* Georgia Southern
57%
4 1963 Holy Cross
57%
1 2003* Missouri State
57%
1 2025 Murray State
57%
1 1966 Northeastern
57%
2 1992 Pepperdine
57%
4 1975 Seton Hall
57%
1 2009 Southern Miss
57%
2 2014 UC Irvine
57%
1 1950 Wisconsin
57%
2 1956 Bradley
43%
1 1970 Delaware
43%
1 1980 Hawaii
43%
1 1986 Indiana State
43%
1 1986 Loyola Marymount
43%
7 1986 Maine
43%
1 1984 New Orleans
43%
2 1969 NYU
43%
1 1967 Rider
43%
1 2000 San Jose State
43%
1 1962 Santa Clara
43%
5 1977 Southern Illinois
43%
1 2012 Stony Brook
43%
1 1990 The Citadel
43%
1 1950 Tufts
43%
5 1979 UConn
43%
1 2016 UC Santa Barbara
43%
2 1969 UMass
43%
1 1971* UTRGV
43%
1 1956 Wyoming
43%
1 1983 James Madison
29%
1 2012 Kent State
29%
4 1965 Lafayette
29%
1 1956 New Hampshire
29%
2 1977 Temple
29%
1 1977 Cal State LA
14%
1 1962 Ithaca
14%
1 1954 Rollins
14%
2 1955 Springfield
14%
6 1980 St. John's (NY)
14%
No matching quizzes found
Score Distribution
Percent of People with Each Score
Percentile by Number Answered
Your Score History
You have not taken this quiz